| 000 | 00607nam a2200193Ia 4500 | ||
|---|---|---|---|
| 003 | GCL | ||
| 008 | 140319s9999 xx 000 0 ara d | ||
| 040 |
_aGCL / _cGCL |
||
| 082 | 0 | 4 |
_a891.7 _bن ف |
| 100 | 1 | _aبكر يوسف (ترجمه) | |
| 245 | 1 | 0 |
_aفى خنادق ستالينجراد / _cبكر يوسف (ترجمه) |
| 700 | 1 | _aنيكراسوف, فكتور | |
| 300 | _a638 | ||
| 490 |
_aمقاتلون فى سبيل وطنهم السوفيتى _v0 |
||
| 650 | 0 | 4 | _aالادب |
| 650 | 0 | 4 | _aالادب السوفيتى |
| 650 | 0 | 4 | _aالادب السوفيتى المترجم |
| 942 |
_2ddc _cBK |
||
| 999 |
_c40584 _d40584 |
||